Time Magazine's Person of the Year by Picture - Statistics

General Stats
  • This quiz has been taken 66 times
  • The average score is 17 of 28
Answer Stats
Picture Hint Answer % Correct
1963 Martin Luther King Jr.
98%
2010 Mark Zuckerberg
97%
2023 Taylor Swift
97%
1971; 1972 Richard Nixon
94%
1949 Winston Churchill
94%
1999 Jeff Bezos
92%
1944; 1959 Dwight D. Eisenhower
90%
2022 Volodymyr Zelenskyy
87%
2019 Greta Thunberg
85%
1987; 1989 Mikhail Gorbachev
85%
2015 Angela Merkel
84%
1964; 1967 Lyndon B. Johnson
81%
1945; 1948 Harry S. Truman
76%
1958 Charles de Gaulle
68%
2001 Rudy Giuliani
61%
1957 Nikita Khrushchev
56%
1972 Henry Kissinger
55%
1927 Charles Lindbergh
42%
1995 Newt Gingrich
39%
1977 Anwar Sadat
32%
1935 Haile Selassie
31%
1936 Wallis Simpson
27%
1981 Lech Wałęsa
26%
1978; 1985 Deng Xiaopeng
21%
1965 William Westmoreland
15%
1953 Konrad Adenauer
13%
1947 George C. Marshall
11%
1951 Mohammed Mossadegh
5%
No matching quizzes found
Score Distribution
Percent of People with Each Score
Percentile by Number Answered
Your Score History
You have not taken this quiz